• 首页
  • 本馆介绍
  • 公告通知
  • 最新文献
  • 馆藏检索
  • 电子资源
  • 读者导购
  • 参考咨询
  • 我的图书馆
  • 登录
  • 详细信息显示
  • 放入我的书架
  • 预约/预借图书
  • 作者相关作品
  • 分类相关作品
  • 丛书相关作品
  • 出版社相关作品

书目信息

  • 表格格式
  • 工作单格式
  • 卡片格式
题名:
多元统计分析
    
 
作者: 田茂再 编著
分册:  
出版信息: 北京   中国人民大学出版社  2017.4
页数: 198页
开本: 26cm
丛书名:
单 册:
中图分类: O212.4
科图分类:
主题词: 多元分析--统计分析--高等学校--教材
电子资源:
ISBN: 978-7-300-23935-4
000 00956nam0 2200253 450
001 0400004236
005 20171023161604.0
010    @a978-7-300-23935-4@dCNY38.00
100    @a20170905d2017 em y0chiy50 ea
101 0  @achi
102    @aCN@b110000
105    @ay z 000yy
106    @ar
200 1  @a多元统计分析@9duo yuan tong ji fen xi@dMultivariate statistical analysis@f田茂再编著@zeng
210    @a北京@c中国人民大学出版社@d2017.4
215    @a198页@d26cm
300    @a中国人民大学统计与精算系列教材
330    @a本书内容主要包括:多元分布、多元正态分布理论、基于因子的数据矩阵降维技术、主成分分析、因子分析、聚类分析、判别分析、对应分析、典型相关分析、多维标度分析、联合分析等内容。
510 1  @aMultivariate statistical analysis@zeng
606 0  @a多元分析@x统计分析@x高等学校@j教材
690    @aO212.4@v5
701  0 @a田茂再@9tian mao zai@c(统计学博士)@4编著
801  0 @aCN@b91MARC@c20171023
905    @b1028066-70@dO212.4@f5@e103
    
    多元统计分析=Multivariate statistical analysis/田茂再编著.-北京:中国人民大学出版社,2017.4
    198页;26cm
    中国人民大学统计与精算系列教材
    
    ISBN 978-7-300-23935-4:CNY38.00
    本书内容主要包括:多元分布、多元正态分布理论、基于因子的数据矩阵降维技术、主成分分析、因子分析、聚类分析、判别分析、对应分析、典型相关分析、多维标度分析、联合分析等内容。
●
相关链接 在E读中查询图书 在五车中查询图书 在当当中查询图书 在豆瓣中查询图书


正题名:多元统计分析     索取号:O212.4/103         预约/预借

序号 登录号 条形码 馆藏地/架位号 状态 备注
1 1028066   210280667   第二样本阅览室/ [索取号:O212.4/103] 在馆    
2 1028067   210280676   数信系资料室/ [索取号:O212.4/103] 在馆    
3 1028068   210280685   第三借阅区/ [索取号:O212.4/103] 在馆    
4 1028069   210280694   第三借阅区/ [索取号:O212.4/103] 在馆    
5 1028070   210280701   第三借阅区/ [索取号:O212.4/103] 在馆    
唐山师范学院图书馆 欢迎您!
大连网信软件有限公司© 版权所有